Т. 3: 1901-1904; Избранные сочинения

Dades bibliogràfiques
Parent link:Избранные сочинения: в 10 т./ В. И. Ленин; Институт теории и истории социализма ЦК КПСС. Т. 3: 1901-1904.— 2-е изд..— , 1990-1991.— 5-250-01031-8
Idioma:rus
Publicat: 1990
Matèries:
Format: MixedMaterials Llibre
KOHA link:https://koha.lib.tpu.ru/cgi-bin/koha/opac-detail.pl?biblionumber=195792

MARC

LEADER 00000nam2a2200000 4500
001 195792
005 20260317172226.0
035 |a (RuTPU)RU\TPU\book\213606 
090 |a 195792 
100 |a 20110516g1990 m a0rusy5003 ca 
101 0 |a rus 
102 |a RU 
105 |a y z 001zy 
200 0 |a Т. 3: 1901-1904 
210 |d 1990 
215 |d 20 см  |a 509 с. 
320 |a Указатель имен: с. 480-494. 
320 |a Предметный указатель: с. 495-506. 
461 1 |0 (RuTPU)RU\TPU\book\171394  |y 5-250-01031-8  |t Избранные сочинения  |o в 10 т.  |f В. И. Ленин  |g Институт теории и истории социализма ЦК КПСС  |v Т. 3: 1901-1904  |e 2-е изд.  |d 1990-1991 
606 |a Ленин В. И.  |j Собрания сочинений  |9 87496 
610 1 |a работы 
610 1 |a марксизм-ленинизм 
610 1 |a съезды 
610 1 |a ленинизм 
610 1 |a Россия 
610 1 |a 20 век 
686 |a Т3(2)6-8Ленин150  |2 rubbk 
801 0 |a RU  |b RuMRKP  |c 19950704  |g psbo 
801 1 |a RU  |b 63413507  |c 20110516 
801 2 |a RU  |b 63413507  |c 20110525  |g RCR 
942 |c BK